Pharmacology examination & board review / (Record no. 278746)
[ view plain ]
| 000 -LEADER | |
|---|---|
| fixed length control field | 01777cam a2200397Ia 4500 |
| 001 - CONTROL NUMBER | |
| control field | STB034112 |
| 003 - CONTROL NUMBER IDENTIFIER | |
| control field | OCoLC |
| 005 - DATE AND TIME OF LATEST TRANSACTION | |
| control field | 20150127143340.0 |
| 008 - FIXED-LENGTH DATA ELEMENTS--GENERAL INFORMATION | |
| fixed length control field | 120504s2013 nyua b 001 0 eng d |
| 020 ## - INTERNATIONAL STANDARD BOOK NUMBER | |
| International Standard Book Number | 9780071789233 |
| 020 ## - INTERNATIONAL STANDARD BOOK NUMBER | |
| International Standard Book Number | 0071789235 |
| 035 ## - SYSTEM CONTROL NUMBER | |
| System control number | .b71679327 |
| 040 ## - CATALOGING SOURCE | |
| Original cataloging agency | BTCTA |
| Language of cataloging | eng |
| Transcribing agency | BTCTA |
| Modifying agency | NWO |
| -- | OCLCO |
| -- | YDXCP |
| -- | STJ |
| -- | CUX |
| -- | UtOrBLW |
| 049 ## - LOCAL HOLDINGS (OCLC) | |
| Holding library | OSU& |
| 050 ## - LIBRARY OF CONGRESS CALL NUMBER | |
| Classification number | RM 301.13 |
| Item number | .T729 2013 |
| 100 1# - MAIN ENTRY--PERSONAL NAME | |
| Personal name | Trevor, Anthony J. |
| 245 10 - TITLE STATEMENT | |
| Title | Pharmacology examination & board review / |
| Remainder of title | Anthony J. Trevor, Bertram G. Katzung, Marieke Kruidering-Hall, Susan B. Masters. |
| 250 ## - EDITION STATEMENT | |
| Edition statement | 10th ed. |
| 260 ## - PUBLICATION, DISTRIBUTION, ETC. (IMPRINT) | |
| Place of publication, distribution, etc | New York : |
| Name of publisher, distributor, etc | McGraw-Hill Medical, |
| Date of publication, distribution, etc | 2013. |
| 300 ## - PHYSICAL DESCRIPTION | |
| Extent | vi, 646 pages : |
| Other physical details | illustrations ; |
| Dimensions | 28 cm. |
| 500 ## - GENERAL NOTE | |
| General note | Previous ed.: 2010. |
| 500 ## - GENERAL NOTE | |
| General note | "A Lange medical book." |
| 504 ## - BIBLIOGRAPHY, ETC. NOTE | |
| Bibliography, etc | Includes bibliographical references and index. |
| 505 0# - FORMATTED CONTENTS NOTE | |
| Formatted contents note | Basic principles -- Autonomic drugs -- Cardiovascular drugs -- Drugs with important actions on smooth muscle -- Drugs that act in the central nervous system -- Drugs with important actions on blood, inflammation, & gout -- Endocrine drugs -- Chemotherapeutic drugs -- Toxicology -- Special topics. |
| 520 ## - SUMMARY, ETC. | |
| Summary, etc | Delivers a clear, concise review of fundamental concepts backed by more than 1,000 review questions and answers. |
| 521 ## - TARGET AUDIENCE NOTE | |
| Target audience note | Pharmacy |
| 650 #0 - SUBJECT ADDED ENTRY--TOPICAL TERM | |
| Topical term or geographic name as entry element | Pharmacology |
| General subdivision | Examinations |
| Form subdivision | Study guides. |
| 650 12 - SUBJECT ADDED ENTRY--TOPICAL TERM | |
| Topical term or geographic name as entry element | Pharmacology |
| Form subdivision | Examination Questions. |
| 700 1# - ADDED ENTRY--PERSONAL NAME | |
| Personal name | Katzung, Bertram G. |
| 700 1# - ADDED ENTRY--PERSONAL NAME | |
| Personal name | Kruidering-Hall, Marieke. |
| 700 1# - ADDED ENTRY--PERSONAL NAME | |
| Personal name | Masters, Susan B. |
| 740 ## - ADDED ENTRY--UNCONTROLLED RELATED/ANALYTICAL TITLE | |
| Uncontrolled related/analytical title | Katzung & Trevor's pharmacology examination & board review. |
| 740 ## - ADDED ENTRY--UNCONTROLLED RELATED/ANALYTICAL TITLE | |
| Uncontrolled related/analytical title | Katzung and Trevor's Pharmacology examination and board review. |
| 740 ## - ADDED ENTRY--UNCONTROLLED RELATED/ANALYTICAL TITLE | |
| Uncontrolled related/analytical title | Pharmacology examination and board review. |
| 942 ## - ADDED ENTRY ELEMENTS (KOHA) | |
| Source of classification or shelving scheme | Library of Congress Classification |
| Koha item type | Books |
| Withdrawn status | Lost status | Source of classification or shelving scheme | Damaged status | Home library | Current library | Shelving location | Date acquired | Source of acquisition | Sub Shelving location | Total Checkouts | Total Renewals | Full call number | Barcode | Date last seen | Date checked out | Price effective from | Koha item type |
|---|---|---|---|---|---|---|---|---|---|---|---|---|---|---|---|---|---|
| Library of Congress Classification | South SEED-LPDH College Library | South SEED-LPDH College Library | South SEED-LPDH College Section | 01/27/2015 | Library Fund | 4 | 22 | RM 301.13 .T729 2013 | SSLC1395 | 09/03/2019 | 07/11/2019 | 01/27/2015 | Books |